000 00248nam a22001217a 4500
003 SGT
082 _a616.024
_bM15U
100 _aUPADHYAY,RAJESH
245 _aMEDICINE UPDATE 2015
260 _aINDIA
_bAPI
_c2015
300 _a1112
942 _2ddc
_cBK
999 _c14092
_d14092